00446nam a22001697a 450000500170000000800410001702000270005804000090008504100120009408200170010610000200012324500450014326000310018830000080021965000260022770000230025320260604154351.0260604b |||||||| |||| 00| 0 eng d a9789383931064c1995.00 aMAIN aEnglish a658.421bPAN aPanda, Shiba C. aEntrepreneurship and the Underprivileged aNew DelhibAcademic c2024 a405 aManagement (PM USHA)  aKhuntia, Janmejoy